Continents With The Most JetPunk Users - Statistics

General Stats
  • This quiz has been taken 11 times
  • The average score is 5 of 6
Answer Stats
% of JetPunk Users Continent % Correct
45.53 Europe
100%
30.80 North America
100%
5.02 Asia
78%
5.37 Oceania
78%
1.14 South America
78%
0.0 Africa
67%
No matching quizzes found
Score Distribution
Percent of People with Each Score
Percentile by Number Answered
Your Score History
You have not taken this quiz